000 01312nam a2200337 a 4500
001 000038906
003 DO-SdBNP
005 20180326152749.0
007 000038906
008 130502s1978 dr ab 001 0 spa d
040 _aBPMSU
_bspa
_cBPMSU
082 _a372.89
_bV768m, 1978
100 1 _aVincent Cepeda, Rosa Amelia
245 1 0 _aManual de geografía universal y especial de América :
_bprimer curso de educación media (7° curso) /
_cRosa Amelia Vincent Cepeda.
260 0 _aSanto Domingo :
_bAmigo del Hogar,
_c1978
300 _a223 p. :
_bil., mapas ;
_c23 cm.
500 _aEn la portada: Desarrollo del programa oficial de la reforma.
504 _aBibliografía: p.223.
505 0 _tLa tierra como parte del sistema solar --
_tCaracterísticas físicas de la tierra --
_tEl hombre de la tierra. ECUMENE --
_tAmérica, un mundo de grandes contrastes.
_gBibliografía.
650 4 _aGEOGRAFÍA
_xENSEÑANZA
650 4 _aGEOGRAFÍA FÍSICA
_xENSEÑANZA
651 4 _aAMÉRICA
_xDESRIPCIONES Y VIAJES
910 _aValidado. Control de la calidad MFF
930 1 _l
_m
_8
_f
_p
_g
_h
942 _2ddc
_cBK
945 _aRemanejado para la BNPHU / VM
956 _a
_b
_c
_l
_h
956 _a
_b
_c
_l
_h
956 _a
_b
_c
_l
_h
956 _aVMATEO
_b10
_c20150505
_lBPMSU
_h00151
999 _c7798
_d7798